[Event "Titled Tuesday 2022.10.25 Early"]
[Site "chess.com INT"]
[Date "2022.10.25"]
[Round "1"]
[White "Hambleton, Aman"]
[Black "Martin Carmona, Gaston Manuel"]
[Result "1-0"]
[WhiteElo "2437"]
[BlackElo "2335"]
[PlyCount "127"]
[EventDate "2022.10.25"]
[EventType "swiss (blitz)"]
[EventRounds "11"]
[EventCountry "NET"]
[Source "Mark Crowther"]
[SourceDate "2022.10.31"]

1. d4 e6 2. Bf4 b6 3. e3 Bb7 4. Nf3 f5 5. c4 Nf6 6. Be2 Bb4+ 7. Nbd2 O-O 8. O-O
a5 9. h3 Bd6 10. Bxd6 cxd6 11. d5 e5 12. a4 Na6 13. Ne1 Qe7 14. Nb1 Nc5 15. Nc3
e4 16. Nc2 Kh8 17. Nd4 Qe5 18. Qd2 Ba6 19. Rae1 Rae8 20. b3 g5 21. f3 exf3 22.
Bxf3 g4 23. hxg4 fxg4 24. Bd1 Nfe4 25. Nxe4 Nxe4 26. Qe2 h5 27. Rxf8+ Rxf8 28.
Rf1 Rf6 29. Rxf6 Qxf6 30. Qf1 Kg7 31. Qxf6+ Kxf6 32. Bc2 Ke5 33. Kf1 h4 34. Ke2
Ng3+ 35. Kf2 Nh5 36. Bd1 Nf6 37. Ke2 Ne4 38. Ke1 Nf6 39. Kf1 Bb7 40. Be2 Ke4
41. Kf2 g3+ 42. Ke1 Kxe3 43. Nf5+ Kf4 44. Nxh4 Ne4 45. Bd3 Nf2 46. Ke2 Ng4 47.
Ng6+ Kg5 48. Nf8 Bc8 49. Kf3 Ne5+ 50. Ke3 Kh6 51. Bc2 Kg7 52. Nh7 Ng4+ 53. Kf4
Ne5 54. Kxg3 b5 55. axb5 a4 56. bxa4 Nxc4 57. Kf4 Bb7 58. Ng5 Nb6 59. a5 Nxd5+
60. Kg3 Ne3 61. Bd3 Nxg2 62. a6 Ba8 63. Be4 Bxe4 64. Nxe4 1-0

[Event "Titled Tuesday 2022.10.25 Early"]
[Site "chess.com INT"]
[Date "2022.10.25"]
[Round "2"]
[White "Castellanos Gomez, Alejandro"]
[Black "Hambleton, Aman"]
[Result "0-1"]
[WhiteElo "2247"]
[BlackElo "2437"]
[PlyCount "74"]
[EventDate "2022.10.25"]
[EventType "swiss (blitz)"]
[EventRounds "11"]
[EventCountry "NET"]
[Source "Mark Crowther"]
[SourceDate "2022.10.31"]

1. d4 Nf6 2. Bf4 d5 3. e3 Bg4 4. f3 Bf5 5. c4 Bxb1 6. Rxb1 c6 7. Qb3 Qb6 8. Ne2
e6 9. Nc3 Nbd7 10. Bd3 Be7 11. O-O Nh5 12. Bg3 Nxg3 13. hxg3 Qxb3 14. axb3 a6
15. f4 O-O 16. Kf2 f5 17. g4 fxg4 18. Kg3 Nf6 19. Rh1 g6 20. Nd1 Kg7 21. Nf2 h5
22. e4 dxe4 23. Nxe4 Nxe4+ 24. Bxe4 Rad8 25. Rbd1 Bd6 26. Rhf1 Rd7 27. d5 exd5
28. cxd5 c5 29. Rde1 Re7 30. Bc2 Bxf4+ 31. Rxf4 Rxe1 32. Rxf8 Kxf8 33. Bxg6 Re5
34. d6 Re6 35. Bxh5 Rxd6 36. Bxg4 Rd3+ 37. Kf4 Rxb3 0-1

[Event "Titled Tuesday 2022.10.25 Early"]
[Site "chess.com INT"]
[Date "2022.10.25"]
[Round "3"]
[White "Filgueira, H."]
[Black "Hambleton, Aman"]
[Result "0-1"]
[WhiteElo "2283"]
[BlackElo "2437"]
[PlyCount "70"]
[EventDate "2022.10.25"]
[EventType "swiss (blitz)"]
[EventRounds "11"]
[EventCountry "NET"]
[Source "Mark Crowther"]
[SourceDate "2022.10.31"]

1. c4 c5 2. g3 e6 3. Bg2 Nf6 4. Nf3 Qc7 5. O-O a6 6. b3 b6 7. Bb2 Be7 8. e3 Bb7
9. Qe2 O-O 10. Nc3 Re8 11. Rac1 d6 12. d4 Nbd7 13. Rfd1 cxd4 14. Nxd4 Bxg2 15.
Kxg2 Rac8 16. f4 Bf8 17. Qf3 g6 18. Nc2 Qb8 19. Nb4 d5 20. a3 a5 21. Nba2 dxc4
22. bxc4 Rxc4 23. Nb5 Rxc1 24. Rxc1 Rc8 25. Nac3 Bg7 26. Rd1 Nc5 27. Nd6 Rd8
28. Nc4 Rxd1 29. Qxd1 Qb7+ 30. Kh3 h5 31. Qd8+ Kh7 32. Qxb6 Qf3 33. Qxc5 Ng4
34. Nb5 Nf2+ 35. Kh4 Qg4# 0-1

[Event "Titled Tuesday 2022.10.25 Early"]
[Site "chess.com INT"]
[Date "2022.10.25"]
[Round "6"]
[White "Hambleton, Aman"]
[Black "Melikyan, Gnel"]
[Result "1-0"]
[WhiteElo "2437"]
[BlackElo "2238"]
[PlyCount "119"]
[EventDate "2022.10.25"]
[EventType "swiss (blitz)"]
[EventRounds "11"]
[EventCountry "NET"]
[Source "Mark Crowther"]
[SourceDate "2022.10.31"]

1. d4 Nf6 2. Bf4 g6 3. Nc3 d5 4. e3 Bg7 5. h4 h5 6. Nf3 c6 7. Ne5 Nbd7 8. Bd3
Nxe5 9. Bxe5 O-O 10. Qd2 Ng4 11. Bxg7 Kxg7 12. f3 Nf6 13. O-O-O Re8 14. g4 e5
15. gxh5 Nxh5 16. Rdg1 exd4 17. exd4 Qf6 18. Ne2 Bf5 19. Kb1 Bxd3 20. Qxd3 Re6
21. Ng3 Rh8 22. Nf5+ Kf8 23. Ne3 Nf4 24. Qd2 Rxh4 25. Ng4 Rxh1 26. Rxh1 Qg5 27.
a4 Kg7 28. Ne5 f6 29. Ng4 Ne2 30. Qb4 b6 31. Rh8 c5 32. Qb5 Kxh8 33. Qd7 Nxd4
34. Qf7 Re1+ 35. Ka2 Qxg4 36. Qxf6+ Kh7 37. fxg4 Re4 38. g5 Nxc2 39. Qf7+ Kh8
40. Qf8+ Kh7 41. Qf7+ Kh8 42. Kb3 Nd4+ 43. Ka3 Ne6 44. Qf6+ Kh7 45. Qf7+ Ng7
46. Qxd5 Rb4 47. b3 Rg4 48. Qe5 Nf5 49. Qf6 Ng7 50. Qe7 a5 51. Qf6 c4 52. bxc4
Rxc4 53. Qxb6 Rc3+ 54. Kb2 Rg3 55. Qxa5 Nf5 56. Qc7+ Kh8 57. Qb8+ Kh7 58. Qc7+
Kh8 59. a5 Rxg5 60. Qd8+ 1-0

[Event "Titled Tuesday 2022.10.25 Early"]
[Site "chess.com INT"]
[Date "2022.10.25"]
[Round "8"]
[White "Hambleton, Aman"]
[Black "Mirzoev, A."]
[Result "1/2-1/2"]
[WhiteElo "2437"]
[BlackElo "2462"]
[PlyCount "215"]
[EventDate "2022.10.25"]
[EventType "swiss (blitz)"]
[EventRounds "11"]
[EventCountry "NET"]
[Source "Mark Crowther"]
[SourceDate "2022.10.31"]

1. d4 Nf6 2. Bf4 c5 3. e3 Qb6 4. Nc3 d6 5. a3 Nbd7 6. Nf3 g6 7. h3 Bg7 8. Be2
O-O 9. O-O a6 10. Re1 Qc7 11. a4 b6 12. d5 Ne8 13. e4 Ne5 14. Qd2 Rb8 15. Nxe5
dxe5 16. Be3 Nd6 17. f3 b5 18. axb5 axb5 19. b3 Bd7 20. Ra6 Rfc8 21. Rea1 h5
22. Kh1 Qd8 23. Nd1 b4 24. Nb2 Nb5 25. Bxb5 Bxb5 26. Ra7 c4 27. Nxc4 Bxc4 28.
bxc4 Rxc4 29. Bg5 Bf6 30. Bxf6 exf6 31. R1a2 Kg7 32. Kh2 Rbc8 33. Qf2 R8c7 34.
Rxc7 Qxc7 35. Rb2 g5 36. Qe2 h4 37. Qd2 Qd6 38. Rb3 Qc5 39. Rb2 Rd4 40. Qe1 Qc4
41. Qc1 Kg6 42. Qb1 Qc3 43. Rb3 Qd2 44. Rd3 Rxd3 45. cxd3 Qf4+ 46. Kh1 Qd2 47.
d6 Qc3 48. d7 Qd4 49. Qxb4 Qxd7 50. Qd2 Qd4 51. Kh2 Kg7 52. Qc2 Kg6 53. Kh1 Kg7
54. Kh2 Qe3 55. Qd1 Qf4+ 56. Kg1 Qg3 57. d4 exd4 58. Qxd4 Qe1+ 59. Kh2 Qg3+ 60.
Kh1 Qe1+ 61. Qg1 Qg3 62. Qb1 Qe5 63. Qd1 Qf4 64. Kg1 Qe3+ 65. Kf1 Qf4 66. Qd3
Qc1+ 67. Kf2 Qf4 68. Qe3 Qg3+ 69. Kf1 Qe5 70. Qe1 Qb5+ 71. Qe2 Qe5 72. Kg1 Qd4+
73. Qf2 Qe5 74. Qe1 Qd4+ 75. Kh1 Qe5 76. Qc1 Qg3 77. Qa1 Qf4 78. Qe1 Qe5 79.
Kg1 Qd4+ 80. Kf1 Qd3+ 81. Qe2 Qb1+ 82. Kf2 Qb6+ 83. Qe3 Qa5 84. Ke2 Qb5+ 85.
Qd3 Qb2+ 86. Qd2 Qe5 87. Kd3 Qd6+ 88. Kc2 Qe5 89. Qc3 Qg3 90. Qd2 Qe5 91. Kc1
Qc7+ 92. Qc2 Qe5 93. Kb1 Qf4 94. Kb2 Qe5+ 95. Qc3 Qg3 96. Qc2 Qe5+ 97. Ka2 Qa5+
98. Kb1 Qb5+ 99. Kc1 Qe5 100. Kd2 Qf4+ 101. Kd3 Qe5 102. Qc3 Qf4 103. Qd2 Qe5
104. Kc4 Qg3 105. Kd5 Qe5+ 106. Kc6 Qe6+ 107. Qd6 Qc4+ 108. Kd7 1/2-1/2

[Event "Titled Tuesday 2022.10.25 Early"]
[Site "chess.com INT"]
[Date "2022.10.25"]
[Round "11"]
[White "Hambleton, Aman"]
[Black "Czernek, Tymon"]
[Result "1-0"]
[WhiteElo "2437"]
[BlackElo "2340"]
[PlyCount "53"]
[EventDate "2022.10.25"]
[EventType "swiss (blitz)"]
[EventRounds "11"]
[EventCountry "NET"]
[Source "Mark Crowther"]
[SourceDate "2022.10.31"]

1. d4 Nf6 2. Bf4 g6 3. Nc3 Bg7 4. e4 d6 5. Qd2 O-O 6. O-O-O c6 7. f3 Qa5 8. Kb1
Kh8 9. Nge2 b5 10. Nc1 Qb6 11. g4 a5 12. h4 a4 13. h5 Kg8 14. Bh6 b4 15. N3e2
b3 16. cxb3 axb3 17. Nxb3 Be6 18. Nec1 Na6 19. Bxg7 Kxg7 20. hxg6 fxg6 21. Qh6+
Kf7 22. Bxa6 Rxa6 23. g5 Ng8 24. Qxh7+ Ke8 25. Qxg6+ Kd7 26. Nc5+ Kc7 27. Nxe6+
1-0

[Event "Titled Tuesday 2022.10.18 Early"]
[Site "chess.com INT"]
[Date "2022.10.18"]
[Round "1"]
[White "Hambleton, Aman"]
[Black "Reprintsev, A."]
[Result "0-1"]
[WhiteElo "2437"]
[BlackElo "2330"]
[PlyCount "160"]
[EventDate "2022.10.18"]
[EventType "swiss (blitz)"]
[EventRounds "11"]
[EventCountry "NET"]
[Source "Mark Crowther"]
[SourceDate "2022.10.24"]

1. d4 d5 2. c4 e5 3. dxe5 d4 4. a3 Nc6 5. e3 Nge7 6. Nf3 Bg4 7. Be2 Bxf3 8.
Bxf3 g6 9. O-O Bg7 10. exd4 Qxd4 11. Nc3 Qxc4 12. e6 fxe6 13. Be2 Qd4 14. Qb3
O-O-O 15. Qxe6+ Kb8 16. Be3 Qe5 17. Qxe5 Bxe5 18. Rac1 Nf5 19. Bg5 Rde8 20. Bb5
Nfd4 21. Ba4 h6 22. Be3 Rd8 23. g3 g5 24. h3 Nf5 25. Rfe1 Nxe3 26. Rxe3 Nd4 27.
Kg2 Bd6 28. Ne2 Nf5 29. Rf3 Rhf8 30. Bc2 Ne7 31. Rxf8 Rxf8 32. Nc3 Be5 33. Re1
Nc6 34. Be4 Na5 35. Re2 Bxc3 36. bxc3 Nc4 37. a4 c6 38. h4 gxh4 39. gxh4 Nb6
40. Bc2 Rf4 41. Kg3 Rc4 42. Re3 Nd5 43. Rd3 Nxc3 44. Bb3 Rc5 45. f4 Kc7 46. Re3
Kd7 47. f5 Nd5 48. Bxd5 cxd5 49. Kf4 Rc4+ 50. Ke5 Re4+ 51. Rxe4 dxe4 52. Kxe4
Ke7 53. a5 b6 54. a6 Kf6 55. h5 b5 56. Kd5 Kxf5 57. Kc5 Ke5 58. Kxb5 Kd5 59.
Kb4 Kc6 60. Kc4 Kb6 61. Kd5 Kxa6 62. Ke6 Kb5 63. Kf6 a5 64. Kg6 a4 65. Kxh6 a3
66. Kg7 a2 67. h6 a1=Q+ 68. Kg8 Qg1+ 69. Kf7 Qf2+ 70. Kg7 Qg3+ 71. Kf7 Qf4+ 72.
Kg7 Qg5+ 73. Kh8 Qxh6+ 74. Kg8 Qf6 75. Kh7 Qg5 76. Kh8 Kc6 77. Kh7 Kd7 78. Kh8
Ke7 79. Kh7 Kf7 80. Kh8 Qh5# 0-1

[Event "Titled Tuesday 2022.10.18 Early"]
[Site "chess.com INT"]
[Date "2022.10.18"]
[Round "2"]
[White "Ismayil, Malak"]
[Black "Hambleton, Aman"]
[Result "0-1"]
[WhiteElo "1941"]
[BlackElo "2437"]
[PlyCount "118"]
[EventDate "2022.10.18"]
[EventType "swiss (blitz)"]
[EventRounds "11"]
[EventCountry "NET"]
[Source "Mark Crowther"]
[SourceDate "2022.10.24"]

1. e4 b6 2. d4 Bb7 3. Nc3 e6 4. a3 g6 5. Nf3 Bg7 6. Bg5 Ne7 7. Qd2 h6 8. Be3 d6
9. Be2 a6 10. h4 Nd7 11. O-O-O b5 12. Rhe1 Nb6 13. Bd3 Qd7 14. Qe2 Nc6 15. e5
b4 16. axb4 Nxb4 17. exd6 cxd6 18. Nd2 Na4 19. Nc4 Nxc3 20. bxc3 Nd5 21. Kd2
Rc8 22. Rb1 O-O 23. Rb3 Bc6 24. Reb1 Ba4 25. Rb7 Qd8 26. h5 g5 27. g4 Bb5 28.
R7xb5 axb5 29. Rxb5 Rc6 30. Qf3 Qc7 31. Qe4 Nf6 32. Qf3 Rxc4 33. Bxc4 Qxc4 34.
Qe2 Qc6 35. Rb3 Ne4+ 36. Ke1 Nxc3 37. Qd3 Qh1+ 38. Kd2 Ne4+ 39. Ke2 Qg2 40. Bd2
Qxf2+ 41. Kd1 Nxd2 42. Qxd2 Qxd2+ 43. Kxd2 Bxd4 44. Kd3 Be5 45. Rb7 Rc8 46. c4
Kg7 47. Rd7 Kf6 48. Ra7 Rb8 49. Ra2 Rb3+ 50. Ke4 Rg3 51. Rf2+ Ke7 52. Rxf7+
Kxf7 53. c5 Rxg4+ 54. Kf3 Rf4+ 55. Ke3 dxc5 56. Kd3 Bb8 57. Ke3 Kf6 58. Kd3 Kf5
59. Ke3 Kg4 0-1

[Event "Titled Tuesday 2022.10.18 Early"]
[Site "chess.com INT"]
[Date "2022.10.18"]
[Round "3"]
[White "Hambleton, Aman"]
[Black "Winterberg, L."]
[Result "0-1"]
[WhiteElo "2437"]
[BlackElo "2394"]
[PlyCount "74"]
[EventDate "2022.10.18"]
[EventType "swiss (blitz)"]
[EventRounds "11"]
[EventCountry "NET"]
[Source "Mark Crowther"]
[SourceDate "2022.10.24"]

1. d4 Nf6 2. c4 e6 3. Nc3 d5 4. cxd5 exd5 5. Bg5 c6 6. e3 h6 7. Bh4 Be7 8. Bd3
O-O 9. Qc2 Re8 10. Nge2 a5 11. O-O Na6 12. a3 Nc7 13. f3 c5 14. Bf5 c4 15. Bxc8
Rxc8 16. Bg3 Bd6 17. Bxd6 Qxd6 18. e4 dxe4 19. fxe4 Ng4 20. Rf4 Qg6 21. Qd2 Ne6
22. Rf3 Ng5 23. Rg3 Nxe4 24. Nxe4 Qxe4 25. Nc3 Qe6 26. h3 Nf6 27. Qxh6 g6 28.
Rf1 Nh7 29. Rgf3 Rc7 30. d5 Qe5 31. Qh4 Qg5 32. Qf2 Qe7 33. Qb6 Rd7 34. Qxa5
Ng5 35. R3f2 Ne4 36. Nxe4 Qxe4 37. Qb5 Rxd5 0-1

[Event "Titled Tuesday 2022.10.18 Early"]
[Site "chess.com INT"]
[Date "2022.10.18"]
[Round "4"]
[White "Begunov, K."]
[Black "Hambleton, Aman"]
[Result "0-1"]
[WhiteElo "2325"]
[BlackElo "2437"]
[PlyCount "52"]
[EventDate "2022.10.18"]
[EventType "swiss (blitz)"]
[EventRounds "11"]
[EventCountry "NET"]
[Source "Mark Crowther"]
[SourceDate "2022.10.24"]

1. d4 b6 2. c4 Bb7 3. Nc3 e6 4. a3 Nf6 5. Bg5 h6 6. Bh4 d6 7. f3 Nbd7 8. e4 e5
9. d5 Be7 10. Bd3 Nf8 11. Nge2 Ng6 12. Bf2 h5 13. b4 h4 14. c5 O-O 15. O-O Nh5
16. Bb5 dxc5 17. bxc5 Bxc5 18. Bxc5 bxc5 19. Na4 Qg5 20. Nxc5 Qe3+ 21. Kh1 Qxc5
22. Bd7 Bc8 23. Rc1 Qxa3 24. Ra1 Qe3 25. Bc6 Rb8 26. Rxa7 Qxa7 0-1

[Event "Titled Tuesday 2022.10.18 Early"]
[Site "chess.com INT"]
[Date "2022.10.18"]
[Round "5"]
[White "Hambleton, Aman"]
[Black "Podetti, Davide"]
[Result "1/2-1/2"]
[WhiteElo "2437"]
[BlackElo "2260"]
[PlyCount "129"]
[EventDate "2022.10.18"]
[EventType "swiss (blitz)"]
[EventRounds "11"]
[EventCountry "NET"]
[Source "Mark Crowther"]
[SourceDate "2022.10.24"]

1. d4 Nf6 2. Bf4 d5 3. e3 e6 4. Nf3 Bd6 5. Nbd2 O-O 6. Bd3 c5 7. c3 Nc6 8. Bg3
Qe7 9. Ne5 Nd7 10. Nxd7 Qxd7 11. Bxd6 Qxd6 12. f4 cxd4 13. cxd4 Nb4 14. Bb1 Bd7
15. a3 Nc6 16. O-O Rac8 17. Bd3 Ne7 18. Qe2 Rc7 19. Rfc1 Rfc8 20. Rxc7 Rxc7 21.
Qd1 Qb6 22. Qb3 Qxb3 23. Nxb3 f6 24. Kf2 g6 25. Rc1 Rxc1 26. Nxc1 Ba4 27. b3
Bd7 28. Ne2 Kf7 29. Ng1 Nc8 30. Nf3 Nd6 31. g4 Bb5 32. Bc2 a5 33. g5 Be8 34. h4
a4 35. bxa4 Nc4 36. Bb3 Nxa3 37. Nd2 fxg5 38. fxg5 Ke7 39. Ke2 Nc4 40. Bxc4
dxc4 41. Nxc4 Bxa4 42. Ne5 Bb5+ 43. Kd2 Be8 44. Ng4 Bc6 45. Nf6 h5 46. e4 Bb5
47. Kc3 Kd6 48. Kb4 Ba6 49. Ka5 Bd3 50. Kb6 e5 51. d5 Bxe4 52. Nxe4+ Kxd5 53.
Nf6+ Kd4 54. Nxh5 e4 55. Ng3 Ke5 56. Kxb7 e3 57. Ne2 Kf5 58. Kc6 Kg4 59. h5
Kxh5 60. Kd5 Kxg5 61. Ke4 Kf6 62. Kxe3 g5 63. Kf3 g4+ 64. Kg3 Ke6 65. Kxg4
1/2-1/2

[Event "Titled Tuesday 2022.10.18 Early"]
[Site "chess.com INT"]
[Date "2022.10.18"]
[Round "6"]
[White "Kotepalli, S."]
[Black "Hambleton, Aman"]
[Result "0-1"]
[WhiteElo "1910"]
[BlackElo "2437"]
[PlyCount "118"]
[EventDate "2022.10.18"]
[EventType "swiss (blitz)"]
[EventRounds "11"]
[EventCountry "NET"]
[Source "Mark Crowther"]
[SourceDate "2022.10.24"]

1. e4 c5 2. Nf3 e6 3. d3 d5 4. Nbd2 Bd6 5. g3 Ne7 6. Bg2 Nbc6 7. O-O O-O 8. Qe2
Qc7 9. Re1 f6 10. c3 d4 11. Nc4 e5 12. Nxd6 Qxd6 13. c4 g5 14. h4 h6 15. hxg5
hxg5 16. Nh2 Ng6 17. Bd2 Be6 18. Bf3 Kg7 19. Bg4 Bf7 20. Kg2 a6 21. a4 b6 22.
Rh1 Rh8 23. Nf3 Qe7 24. Bf5 Rab8 25. Rag1 Qd6 26. Qd1 Nce7 27. Bg4 b5 28. axb5
axb5 29. Rxh8 Rxh8 30. cxb5 c4 31. dxc4 Bxc4 32. Qa4 Bd3 33. Re1 Rb8 34. Bb4
Qc7 35. Qa3 Bxb5 36. Bd6 Qb7 37. Bxb8 Qxb8 38. Nd2 Qb7 39. Rc1 Bd7 40. Bf3 g4
41. Be2 f5 42. Bd3 Bc6 43. Qd6 fxe4 44. Rxc6 exd3 45. Qf6+ Kg8 46. Qe6+ Kf8 47.
Qf6+ Ke8 48. Ne4 Qxc6 49. Qxc6+ Nxc6 50. Nf6+ Kf7 51. Nxg4 d2 52. Ne3 dxe3 53.
fxe3 d1=Q 54. Kh3 Qf3 55. Kh2 e4 56. g4 Nge5 57. Kg1 Nxg4 58. b4 Qf2+ 59. Kh1
Qh2# 0-1

[Event "Titled Tuesday 2022.10.18 Early"]
[Site "chess.com INT"]
[Date "2022.10.18"]
[Round "7"]
[White "Hambleton, Aman"]
[Black "Namitbir, Singh Walia"]
[Result "1-0"]
[WhiteElo "2437"]
[BlackElo "2339"]
[PlyCount "91"]
[EventDate "2022.10.18"]
[EventType "swiss (blitz)"]
[EventRounds "11"]
[EventCountry "NET"]
[Source "Mark Crowther"]
[SourceDate "2022.10.24"]

1. d4 Nf6 2. Bf4 d5 3. e3 c5 4. c3 Nc6 5. Nd2 e6 6. Ngf3 cxd4 7. exd4 Nh5 8.
Be3 Bd6 9. g3 O-O 10. Bd3 f5 11. Ne5 g6 12. Bh6 Re8 13. Ndf3 Qb6 14. Qe2 Nf6
15. O-O Ne4 16. Bf4 Qc7 17. Rac1 Qe7 18. Nxc6 bxc6 19. Bxd6 Qxd6 20. Ne5 c5 21.
f3 Nf6 22. dxc5 Qxc5+ 23. Qf2 Qxf2+ 24. Kxf2 Nd7 25. Nxd7 Bxd7 26. f4 e5 27.
fxe5 Rxe5 28. Rfe1 Rae8 29. Rxe5 Rxe5 30. Rd1 Kg7 31. Be2 Be6 32. Rd4 Re4 33.
Rd2 Kf6 34. Bf3 Re5 35. Rd4 g5 36. Ra4 g4 37. Be2 h5 38. Rxa7 Re4 39. a4 f4 40.
Bd3 Re3 41. Be2 Ke5 42. Rb7 Bf5 43. Rb4 Be4 44. gxf4+ Kxf4 45. a5 h4 46. Bxg4
1-0

[Event "Titled Tuesday 2022.10.18 Early"]
[Site "chess.com INT"]
[Date "2022.10.18"]
[Round "8"]
[White "Sebenik, M."]
[Black "Hambleton, Aman"]
[Result "1-0"]
[WhiteElo "2518"]
[BlackElo "2437"]
[PlyCount "81"]
[EventDate "2022.10.18"]
[EventType "swiss (blitz)"]
[EventRounds "11"]
[EventCountry "NET"]
[Source "Mark Crowther"]
[SourceDate "2022.10.24"]

1. c4 c5 2. Nf3 b6 3. e4 Bb7 4. Nc3 e6 5. d4 cxd4 6. Nxd4 a6 7. g4 Qc7 8. Be3
Ne7 9. Rc1 Ng6 10. Qd2 Be7 11. Bg2 Nh4 12. O-O Nxg2 13. Kxg2 d6 14. f3 Nd7 15.
Nd5 exd5 16. cxd5 Qd8 17. Nc6 Bxc6 18. dxc6 Nc5 19. b4 Ne6 20. c7 Qd7 21. Bxb6
O-O 22. f4 Rfc8 23. Qd5 Qb5 24. Ba5 Qxd5 25. exd5 Nd4 26. Rc4 Nb5 27. a4 Na3
28. Rc3 Nb5 29. axb5 axb5 30. g5 f5 31. Re1 Kf7 32. Rce3 Bf8 33. Rc1 h6 34. h4
h5 35. Rc6 Be7 36. g6+ Ke8 37. Rxd6 Kf8 38. Rd7 Bf6 39. d6 Re8 40. Rxe8+ Kxe8
41. Rf7 1-0

[Event "Titled Tuesday 2022.10.18 Early"]
[Site "chess.com INT"]
[Date "2022.10.18"]
[Round "9"]
[White "Hambleton, Aman"]
[Black "Eynullayev, Atilla"]
[Result "1-0"]
[WhiteElo "2437"]
[BlackElo "2281"]
[PlyCount "75"]
[EventDate "2022.10.18"]
[EventType "swiss (blitz)"]
[EventRounds "11"]
[EventCountry "NET"]
[Source "Mark Crowther"]
[SourceDate "2022.10.24"]

1. d4 Nf6 2. c4 e6 3. Nc3 Bb4 4. Qc2 O-O 5. Nf3 c5 6. dxc5 Na6 7. g3 Nxc5 8.
Bg2 Nce4 9. O-O Nxc3 10. bxc3 Be7 11. e4 d6 12. e5 dxe5 13. Nxe5 Qc7 14. Re1
Bd6 15. Qe2 Nd7 16. Bf4 Nxe5 17. Bxe5 Bxe5 18. Qxe5 Qxc4 19. Rad1 Qa4 20. Rd4
Qe8 21. Qc7 e5 22. Rxe5 Be6 23. Bxb7 Rb8 24. a4 Kh8 25. a5 f6 26. Re3 Qb5 27.
Rxe6 Rxb7 28. Rd8 Kg8 29. Rxf8+ Kxf8 30. Qd6+ Kf7 31. Re1 Rd7 32. Qe6+ Kg6 33.
Qe8+ Kh6 34. Qe3+ Kg6 35. c4 Qxa5 36. Qe8+ Rf7 37. Re7 Qa1+ 38. Kg2 1-0

[Event "Titled Tuesday 2022.10.18 Early"]
[Site "chess.com INT"]
[Date "2022.10.18"]
[Round "10"]
[White "Dehtiarov, Roman"]
[Black "Hambleton, Aman"]
[Result "0-1"]
[WhiteElo "2300"]
[BlackElo "2437"]
[PlyCount "104"]
[EventDate "2022.10.18"]
[EventType "swiss (blitz)"]
[EventRounds "11"]
[EventCountry "NET"]
[Source "Mark Crowther"]
[SourceDate "2022.10.24"]

1. e4 d5 2. exd5 Qxd5 3. Nc3 Qe5+ 4. Be2 c6 5. Nf3 Qc7 6. d4 Bg4 7. O-O e6 8.
h3 Bxf3 9. Bxf3 Nf6 10. Re1 Be7 11. Bg5 O-O 12. Qe2 Nbd7 13. Rad1 Rfe8 14. a3
h6 15. Bh4 Bd6 16. Bxf6 Nxf6 17. Ne4 Be7 18. c3 Rad8 19. b4 a5 20. Nd2 Nd5 21.
Qd3 Bf8 22. g3 g6 23. Nc4 axb4 24. axb4 Bg7 25. Qc2 h5 26. h4 Ra8 27. Ra1 Red8
28. Bg2 Bf6 29. Nd2 Rxa1 30. Rxa1 Nxc3 31. Nb3 Nb5 32. Rd1 Nxd4 33. Nxd4 Bxd4
34. Kh2 Qb6 35. b5 Qxb5 36. Rb1 Qa6 37. f4 Kg7 38. Qb3 Rd7 39. Qc2 c5 40. Rd1
b5 41. Rb1 b4 42. Bf1 Qd6 43. Bg2 Ra7 44. Rd1 Ra3 45. Qc4 Rc3 46. Qe2 Qe7 47.
Bf3 Re3 48. Qg2 Qf6 49. Bc6 e5 50. fxe5 Bxe5 51. Bf3 Qxf3 52. Qxf3 Rxf3 0-1

[Event "Titled Tuesday 2022.10.18 Early"]
[Site "chess.com INT"]
[Date "2022.10.18"]
[Round "11"]
[White "Hambleton, Aman"]
[Black "Volkov, Maksim"]
[Result "1-0"]
[WhiteElo "2437"]
[BlackElo "2357"]
[PlyCount "55"]
[EventDate "2022.10.18"]
[EventType "swiss (blitz)"]
[EventRounds "11"]
[EventCountry "NET"]
[Source "Mark Crowther"]
[SourceDate "2022.10.24"]

1. d4 d5 2. c4 e6 3. Nc3 c6 4. e3 Nf6 5. Nf3 Nbd7 6. Qc2 Bd6 7. e4 dxe4 8. Nxe4
Nxe4 9. Qxe4 Nf6 10. Qh4 c5 11. Bd3 cxd4 12. O-O b6 13. Re1 Bb7 14. Ne5 Bxe5
15. Rxe5 Nd7 16. Bg5 Qc7 17. Re2 h6 18. Rae1 Nc5 19. Bb1 Qc6 20. f3 Kd7 21.
Qxd4+ Qd6 22. Qxd6+ Kxd6 23. Rd2+ Kc6 24. Bf4 Rad8 25. Red1 Rxd2 26. Rxd2 Bc8
27. b4 Nd7 28. Be4# 1-0

[Event "Titled Tuesday 2022.10.04 Early"]
[Site "chess.com INT"]
[Date "2022.10.04"]
[Round "1"]
[White "Melikhov, E."]
[Black "Hambleton, Aman"]
[Result "1/2-1/2"]
[WhiteElo "2269"]
[BlackElo "2437"]
[PlyCount "114"]
[EventDate "2022.10.04"]
[EventType "swiss (blitz)"]
[EventRounds "11"]
[EventCountry "NET"]
[Source "Mark Crowther"]
[SourceDate "2022.10.10"]

1. d4 Nf6 2. c4 e6 3. Nc3 Bb4 4. Qc2 c5 5. dxc5 Qc7 6. a3 Bxc5 7. Nf3 a6 8. e3
b6 9. b3 Bb7 10. Be2 Be7 11. Bb2 d6 12. g4 h6 13. Rg1 Nbd7 14. h4 h5 15. g5 Ng4
16. g6 f5 17. Nd4 Nf8 18. Nxf5 exf5 19. Qxf5 Bxh4 20. Bxg4 hxg4 21. Rxg4 Bf6
22. O-O-O Qd7 23. Re4+ Kd8 24. Qxd7+ Nxd7 25. Nd5 Bxb2+ 26. Kxb2 Bxd5 27. Rxd5
Kc7 28. Re6 Rhe8 29. Rdxd6 Rxe6 30. Rxe6 Rf8 31. f4 Rf6 32. Rxf6 Nxf6 33. Kc3
Kd6 34. Kd4 Nd7 35. e4 Nc5 36. b4 Ne6+ 37. Ke3 a5 38. f5 Nf8 39. Kf4 Nd7 40.
c5+ bxc5 41. bxa5 c4 42. a6 Kc7 43. e5 c3 44. Ke3 c2 45. Kd2 Nxe5 46. f6 Nxg6
47. fxg7 Ne7 48. Kxc2 Kb6 49. Kd3 Kxa6 50. Ke4 Ka5 51. Ke5 Ka4 52. Ke6 Ng8 53.
Kf7 Nh6+ 54. Kg6 Ng8 55. Kf7 Nh6+ 56. Kf8 Kxa3 57. g8=Q Nxg8 1/2-1/2

[Event "Titled Tuesday 2022.10.04 Early"]
[Site "chess.com INT"]
[Date "2022.10.04"]
[Round "2"]
[White "Hambleton, Aman"]
[Black "Najdin, Danil"]
[Result "1-0"]
[WhiteElo "2437"]
[BlackElo "2235"]
[PlyCount "103"]
[EventDate "2022.10.04"]
[EventType "swiss (blitz)"]
[EventRounds "11"]
[EventCountry "NET"]
[Source "Mark Crowther"]
[SourceDate "2022.10.10"]

1. d4 d5 2. Bf4 e6 3. e3 Bd6 4. Nd2 Bxf4 5. exf4 Nf6 6. Ngf3 O-O 7. Bd3 Nc6 8.
c3 Ne7 9. O-O b6 10. Re1 a5 11. Qe2 Bb7 12. Ne5 Qc8 13. Qf3 Ba6 14. Bc2 c5 15.
Nb3 a4 16. Nd2 cxd4 17. Rac1 dxc3 18. bxc3 a3 19. g4 Nc6 20. g5 Nxe5 21. fxe5
Nd7 22. Re3 g6 23. Nb3 Qc7 24. Qf4 Rfc8 25. h4 Qc4 26. Nd4 Ra7 27. Bb3 Qc5 28.
h5 Nf8 29. Kg2 Bc4 30. Rh1 Bxb3 31. Nxb3 Qc4 32. Nd4 Qxa2 33. Nb5 Rd7 34. h6 f5
35. exf6 Qc4 36. Qxc4 Rxc4 37. Nxa3 Rg4+ 38. Rg3 Rxg3+ 39. Kxg3 Rc7 40. Nb5 Rc5
41. Rb1 Nd7 42. f4 e5 43. fxe5 Nxe5 44. Re1 Rxb5 45. Rxe5 Rc5 46. Re8+ Kf7 47.
Re7+ Kf8 48. Rxh7 Rxc3+ 49. Kf4 Rc4+ 50. Ke5 Rg4 51. Rb7 Rxg5+ 52. Ke6 1-0

[Event "Titled Tuesday 2022.10.04 Early"]
[Site "chess.com INT"]
[Date "2022.10.04"]
[Round "3"]
[White "Hambleton, Aman"]
[Black "Shandrygin, Nikita"]
[Result "1-0"]
[WhiteElo "2437"]
[BlackElo "2209"]
[PlyCount "49"]
[EventDate "2022.10.04"]
[EventType "swiss (blitz)"]
[EventRounds "11"]
[EventCountry "NET"]
[Source "Mark Crowther"]
[SourceDate "2022.10.10"]

1. d4 Nf6 2. Bf4 g6 3. Nc3 d5 4. e3 Bg7 5. h4 c5 6. Nb5 Na6 7. a4 O-O 8. Nf3
Bg4 9. Be2 Ne4 10. c3 Qb6 11. Ne5 Bxe2 12. Qxe2 Rfd8 13. h5 g5 14. h6 Bxe5 15.
Bxe5 f6 16. Bh2 Nd6 17. Nxd6 exd6 18. f4 cxd4 19. fxg5 Re8 20. O-O Rxe3 21. Qg4
Kh8 22. gxf6 Rg8 23. Qg7+ Rxg7 24. fxg7+ Kg8 25. Rf8# 1-0